|
|
|
|
| LEADER |
03842nam a22003737a 4500 |
| 001 |
45329 |
| 003 |
BD-DhAAL |
| 005 |
20260203111150.0 |
| 008 |
260203r20222013|||a|||| b||| 001 0 eng d |
| 020 |
|
|
|a 9783031010224
|
| 020 |
|
|
|a 9783031021503
|
| 040 |
|
|
|a BD-DhAAL
|c BD-DhAAL
|
| 082 |
|
|
|a 006.35
|2 23
|
| 100 |
|
1 |
|a Bender, Emily M.,
|d 1973-
|9 59966
|
| 245 |
1 |
0 |
|a Linguistic fundamentals for natural processing :
|b 100 essentials from morphology and syntax /
|c Emily M. Bender.
|
| 260 |
|
|
|a Switzerland :
|b Morgan & Claypool ;
|b Springer Nature,
|c 2022 [reprint 2013].
|
| 300 |
|
|
|a xvii, 166 pages :
|b illustrations ;
|c 24 cm
|
| 490 |
|
1 |
|a Synthesis lectures on human language technologies,
|x 1947-4059 ;
|v 20
|
| 504 |
|
|
|a Includes bibliographical references and index.
|
| 526 |
|
|
|a CSE
|x Farig Yousuf Sadeque
Associate Professor
Department of Computer Science and Engineering
BRAC University
Course Name and No. :Natural Language Processing II (CSE440)
|
| 541 |
|
|
|a Hye Trade International
|e 45329, 45330, 45331, 45332, 45333, 45334
|
| 650 |
|
0 |
|a Natural language processing (Computer science).
|
| 650 |
|
0 |
|a Computational linguistics.
|
| 650 |
|
0 |
|a Grammar, Comparative and general
|x Morphology.
|9 36578
|
| 650 |
|
0 |
|a Computer science.
|
| 830 |
|
1 |
|a Synthesis lectures on human language technologies,
|x 1947-4059 ;
|v 20
|
| 942 |
|
|
|2 ddc
|c BK
|
| 999 |
|
|
|c 47682
|d 47682
|
| 952 |
|
|
|0 0
|1 0
|2 ddc
|4 0
|6 006_350000000000000_BEN
|7 0
|9 78752
|a BRACUL
|b BRACUL
|c GEN
|d 2026-01-29
|e Hye Trade International
|g 4593.00
|l 0
|o 006.35 BEN
|p 3010045334
|r 2026-01-29
|t 6
|v 9186.00
|w 2026-01-29
|y BK
|x Requisitioned by Farig Yousuf Sadeque (Associate Professor, Department of Computer Science and Engineering, BRAC University) for the course named - Natural Language Processing II (CSE440)
|
| 952 |
|
|
|0 0
|1 0
|2 ddc
|4 0
|6 006_350000000000000_BEN
|7 0
|9 78753
|a BRACUL
|b BRACUL
|c GEN
|d 2026-01-29
|e Hye Trade International
|g 4593.00
|l 0
|o 006.35 BEN
|p 3010045331
|r 2026-01-29
|t 3
|v 9186.00
|w 2026-01-29
|y BK
|x Requisitioned by Farig Yousuf Sadeque (Associate Professor, Department of Computer Science and Engineering, BRAC University) for the course named - Natural Language Processing II (CSE440)
|
| 952 |
|
|
|0 0
|1 0
|2 ddc
|4 0
|6 006_350000000000000_BEN
|7 0
|9 78754
|a BRACUL
|b BRACUL
|c CIR
|d 2026-01-29
|e Hye Trade International
|g 4593.00
|l 0
|o 006.35 BEN
|p 3010045329
|r 2026-01-29
|t 1
|v 9186.00
|w 2026-01-29
|y 1HOUR
|x Requisitioned by Farig Yousuf Sadeque (Associate Professor, Department of Computer Science and Engineering, BRAC University) for the course named - Natural Language Processing II (CSE440); As instructed by the University Librarian, the book has been placed on a one-hour loan period following the receipt of five copies.
|
| 952 |
|
|
|0 0
|1 0
|2 ddc
|4 0
|6 006_350000000000000_BEN
|7 0
|9 78755
|a BRACUL
|b BRACUL
|c NEW
|d 2026-01-29
|e Hye Trade International
|g 4593.00
|l 1
|m 14
|o 006.35 BEN
|p 3010045330
|q 2026-06-02
|r 2026-02-05
|s 2026-02-05
|t 2
|v 9186.00
|w 2026-01-29
|y BK
|x Requisitioned by Farig Yousuf Sadeque (Associate Professor, Department of Computer Science and Engineering, BRAC University) for the course named - Natural Language Processing II (CSE440)
|
| 952 |
|
|
|0 0
|1 0
|2 ddc
|4 0
|6 006_350000000000000_BEN
|7 0
|9 78756
|a BRACUL
|b BRACUL
|c GEN
|d 2026-01-29
|e Hye Trade International
|g 4593.00
|l 0
|o 006.35 BEN
|p 3010045333
|r 2026-01-29
|t 5
|v 9186.00
|w 2026-01-29
|y BK
|x Requisitioned by Farig Yousuf Sadeque (Associate Professor, Department of Computer Science and Engineering, BRAC University) for the course named - Natural Language Processing II (CSE440)
|
| 952 |
|
|
|0 0
|1 0
|2 ddc
|4 0
|6 006_350000000000000_BEN
|7 0
|9 78757
|a BRACUL
|b BRACUL
|c GEN
|d 2026-01-29
|e Hye Trade International
|g 4593.00
|l 0
|o 006.35 BEN
|p 3010045332
|r 2026-01-29
|t 4
|v 9186.00
|w 2026-01-29
|y BK
|x Requisitioned by Farig Yousuf Sadeque (Associate Professor, Department of Computer Science and Engineering, BRAC University) for the course named - Natural Language Processing II (CSE440)
|